书目信息 |
| 题名: |
罗马阳台
|
|
| 作者: | 吉尼亚, 著 ;余中先 译 | |
| 分册: | ||
| 出版信息: | 桂林 漓江出版社 2004.06 |
|
| 页数: | 212页 | |
| 开本: | 20cm | |
| 丛书名: | ||
| 单 册: | ||
| 中图分类: | I565.45 | |
| 科图分类: | ||
| 主题词: | 中篇小说--法国--现代--作品集 | |
| 电子资源: | ||
| ISBN: | 7-5407-3159-1 | |
| 000 | 01334nam0 2200289 450 | |
| 001 | 192004001026 | |
| 005 | 20070914101156.48 | |
| 010 | @a7-5407-3159-1@dCNY18.00 | |
| 100 | @a20070531d2004 km y0chiy0121 ea | |
| 101 | 1 | @achi@cfre |
| 102 | @aCN@b450000 | |
| 105 | @ay z 000ay | |
| 200 | 1 | @a罗马阳台@Aluo ma yang tai@e世间的每一个清晨@d= Terrasse a rome@eTous les matins du monde@f(法) 帕斯卡·吉尼亚著@g余中先译@zfre |
| 210 | @a桂林@c漓江出版社@d2004.06 | |
| 215 | @a212页@d20cm | |
| 300 | @a其他题名:世间的每一个清晨 | |
| 300 | @a并列题名:Terrasse a rome | |
| 314 | @a帕斯卡·吉尼亚,生于1948年,对哲学、历史、音乐各方面都有着深广的研究,作品丰富多样,无论随笔、评论还是小说都广受好评。 | |
| 330 | @a本书讲述了主人公,莫姆在阿文蒂诺山边三层楼上带披檐的阳台,那是“结庐在人境,而无车马喧”的意境,因为“心远地自偏”,所以,他能像陶渊明“悠然见南山”那样,在罗马的黄昏中,感受到“夕阳的金黄色光芒”,“自由自在的幸福”,“生活于葡萄酒与美梦之间的幸福”。本书适合大众读者阅读。 | |
| 510 | 1 | @aTerrasse a rome@eTous les matins du monde@zfre |
| 517 | 1 | @a世间的每一个清晨@Ashi jian de mei yi ge qing chen |
| 606 | 0 | @a中篇小说@y法国@z现代@j作品集 |
| 690 | @aI565.45@v4 | |
| 701 | 1 | @a吉尼亚,@Aji ni ya@bP.@e法@4著 |
| 702 | 0 | @a余中先@Ayu zhong xian@4译 |
| 801 | 0 | @aCN@c20070914 |
| 905 | @aZUCC@dI565.45@eJ111 | |
| 罗马阳台:世间的每一个清晨= Terrasse a rome:Tous les matins du monde/(法) 帕斯卡·吉尼亚著/余中先译.-桂林:漓江出版社,2004.06 |
| 212页;20cm |
| 其他题名:世间的每一个清晨.-并列题名:Terrasse a rome |
| ISBN 7-5407-3159-1:CNY18.00 |
| 本书讲述了主人公,莫姆在阿文蒂诺山边三层楼上带披檐的阳台,那是“结庐在人境,而无车马喧”的意境,因为“心远地自偏”,所以,他能像陶渊明“悠然见南山”那样,在罗马的黄昏中,感受到“夕阳的金黄色光芒”,“自由自在的幸福”,“生活于葡萄酒与美梦之间的幸福”。本书适合大众读者阅读。 |
| ● |
| 相关链接 |
|
|
|
正题名:罗马阳台
索取号:I565.45/J111
 
预约/预借
| 序号 | 登录号 | 条形码 | 馆藏地/架位号 | 状态 | 备注 |
| 1 | 624655 | 206246551 | 文学库116/116文学库 24排2列5层/ [索取号:I565.45/J111] | 在馆 | |
| 2 | 624656 | 206246560 | 社科二线400B/108文学库 66排1列5层/ [索取号:I565.45/J111] | 在馆 | |
| 3 | 624657 | 206246579 | 文学库116/116文学库 24排2列5层/ [索取号:I565.45/J111] | 在馆 |